| 000 | 00465nam a2200169Ia 4500 | ||
|---|---|---|---|
| 999 |
_c3282 _d3282 |
||
| 003 | GBCCL | ||
| 005 | 20241126110451.0 | ||
| 008 | 171123b xxu||||| |||| 00| 0 eng d | ||
| 040 | _cgbc | ||
| 082 |
_a254.5 _bNEL |
||
| 100 |
_aNelson, Marlin L _96742 |
||
| 245 |
_aPrinciples of Church Growth / _cMarlin L. Nelson |
||
| 260 |
_bACTS Trust: _aBangalore, _c1995. |
||
| 300 |
_a144p.; _b20 cm. |
||
| 650 |
_aChurch growth _9291 |
||
| 942 |
_e1ST PUB _2ddc _cBK _k254.5 _mNEL _045 |
||